000 00643nam a2200193 4500
001 127044
003 ES-MaACL
005 20230906192931.0
007 t|
008 070214n19401949sp r ||||1| spa d
100 1 _aRibosa Arnó, Pedro.
_996832
245 1 0 _aIntroducción a los problemas de Físico-Química /
_cpor Pedro Ribosa Arnó.
260 _aBarcelona :
_b[s. n.],
_c[194_?] (
_fTip. Cat. Casals)
300 _aXII, 203 p. :
_bil. ;
_c19 cm.
490 1 _aManuales Scientia (Instituto Químico Sarriá
830 0 _aManuales Scientia (Instituto Químico Sarriá
_9219168
852 _aES-MaACL
_jF-2842
999 _c127044
_d127044